[Event "GER Team Cup 2017-18"]
[Site "Germany"]
[Date "2018.03.04"]
[Round "2.1"]
[White "Zubov, Alexander"]
[Black "Gustafsson, Jan"]
[Result "1/2-1/2"]
[WhiteElo "2611"]
[BlackElo "2642"]
[Annotator "TA"]
[PlyCount "56"]
[EventDate "2018.??.??"]
[EventType "team-tourn"]
[EventCountry "GER"]
[SourceTitle "playchess.com"]
[Source "ChessBase"]
[SourceQuality "1"]

{[%evp 12,56,14,10,10,-1,-5,-5,-2,-7,-4,-14,-10,-20,0,-3,0,-4,0,0,0,0,0,-10,0,0,2,0,0,-12,-11,-12,-26,-13,-13,-19,-15,-19,-15,-22,0,-34,-31,-38,-14,-28,-14]} 1. d4 d5 2. c4 c6 3. Nf3 Nf6 4. e3 Bf5 5. Nc3 a6 6. Nh4 {D15: Slav Defence: 4 Nc3 a6 and gambit lines after 4 Nc3 dxc4} (6. Qb3 b5 7. c5 a5 8. Be2 g6 9. O-O Bg7 10. Bd2 O-O 11. a3 Nbd7 12. Rfc1 Ne4 13. Qd1 Nxd2 14. Qxd2 {½-½ (56) Mamedyarov,S (2799)-Andreikin,D (2712) Huaian 2017}) 6... Bg4 7. Qb3 {LiveBook: 10 Games} b5 8. cxd5 {The position is equal.} cxd5 9. h3 Bc8 10. Nf3 e6 11. Bd3 Nc6 12. O-O {[%cal Bh1f1,Bf1c1,Bc1c2][%mdl 32]} Be7 $146 ({Predecessor:} 12... Bb7 13. Bd2 Bd6 {0-1 (62) Ryska,J (2252)-Carlsen,T (2360) Remote email 2013}) 13. Bd2 O-O 14. Ne2 Bb7 15. Rfc1 Bd6 16. Qd1 Qe7 17. a3 Rac8 18. Rc2 Rc7 19. Rac1 Rfc8 20. Qe1 Ne4 21. Ba5 Nxa5 22. Qxa5 Rxc2 23. Rxc2 Rxc2 24. Bxc2 Bc7 25. Qe1 Bd6 26. a4 Qc7 27. Qd1 bxa4 28. Bxa4 a5 {Precision: White = 73%, Black = 52%.} 1/2-1/2